Cobra Kai - Acteur - Statistiques

Statistiques générales
  • Ce quiz a été pris 280 fois
  • Le résultat moyen est 7 sur 15
Statistiques - réponses
Hint Réponse % Correct
Tory Nichols Peyton Roi List
70%
Daniel LaRusso Ralph Macchio
69%
Johnny Lawrence William Zabka
69%
Miguel Diaz Xolo Mariduena
67%
Eli "Hawk" Moskowitz Jacob Bertrand
64%
Samantha LaRusso Mary Mouser
62%
Robby Keene Tanner Buchanan
62%
John Kreese Martin Kove
40%
M. Miyagi Pat Morita
31%
Demetri Alexopoulos Gianni Decenzo
28%
Terry Silver Thomas Ian Griffith
27%
Carmen Diaz Vanessa Rubio
22%
Amanda LaRusso Courtney Henggeler
21%
Ali Mills Elisabeth Shue
16%
Chozen Yuji Okumoto
15%
Aucun quiz correspondant
Distribution des résultats
% des personnes avec chaque résultat
Percentile par nombre de réponses
Votre historique - résultats
Vous n’avez pas pris ce quiz